Central Library OPAC University of Rajshahi

Fingerprint Identification System Using Artifical Computing Models / (Record no. 78398)

MARC details
000 -LEADER
fixed length control field 01122nam a2200277 a 4500
001 - CONTROL NUMBER
control field 78398
003 - CONTROL NUMBER IDENTIFIER
rucl marc code BD-RjUL
005 - DATE AND TIME OF LATEST TRANSACTION
control field 20211209083126.0
008 - FIXED-LENGTH DATA ELEMENTS--GENERAL INFORMATION
fixed length control field 210916s2006 bg a|||| m||| 00| 0 eng d
035 ## - SYSTEM CONTROL NUMBER
System control number (BD-RjUL)78624
040 ## - CATALOGING SOURCE
Original cataloging agency BD-RjUL
Language of cataloging eng
Transcribing agency BD-RjUL
Modifying agency BD-RjUL
041 ## - LANGUAGE CODE
Language code of text/sound track or separate title eng
082 ## - DEWEY DECIMAL CLASSIFICATION NUMBER
Classification number 006.42
Author mark and year HOF 2006
Edition number 23
100 ## - MAIN ENTRY--PERSONAL NAME
Personal name Hossain, A. K. M. Akhtar
9 (RLIN) 248054
245 10 - TITLE STATEMENT
Title Fingerprint Identification System Using Artifical Computing Models /
Statement of responsibility, etc. A.K.M. Akhtar Hossain ;
Linkage Supervisor : S. K. Ahmed Kamal
260 ## - PUBLICATION, DISTRIBUTION, ETC. (IMPRINT)
Place of publication, distribution, etc. Rajshahi :
Name of publisher, distributor, etc. Department of Computer Science And Engineering, University of Rajshahi,
Date of publication, distribution, etc. 2006
300 ## - PHYSICAL DESCRIPTION
Pagination ill, 165 leaves :
Illustrations ill ;
Size 29 cm.
502 ## - DISSERTATION NOTE
Dissertation note Thesis (Ph. D.) -- Department of Computer Science And Engineering, University of Rajshahi, 2006
504 ## - BIBLIOGRAPHY, ETC. NOTE
Bibliography, etc Reference : Leaves 156 - 165
600 ## - SUBJECT ADDED ENTRY--PERSONAL NAME
Fuller form of name
650 ## - SUBJECT ADDED ENTRY--TOPICAL TERM
Topical term or geographic name as entry element Fingerprints
General subdivision Identification
-- Data processing
9 (RLIN) 248246
Topical term or geographic name as entry element Neural networks (Computer science)
General subdivision Mathematical models
9 (RLIN) 248247
Topical term or geographic name as entry element Biometric identification.
9 (RLIN) 44036
700 ## - ADDED ENTRY--PERSONAL NAME
Personal name Kamal, S. K. Ahmed, Supervisor
942 ## - ADDED ENTRY ELEMENTS (KOHA)
Source of classification or shelving scheme Dewey Decimal Classification
Koha item type Theses
Holdings
Lost status Source of classification or shelving scheme Damaged status Not for loan Collection code Permanent Location Current Location Shelving location Date acquired Source of acquisition Total Checkouts Full call number Date last seen Copy number Koha item type
  Dewey Decimal Classification   Not For Loan Theses Central Library, University of Rajshahi Central Library, University of Rajshahi Documentation Section 24/05/2006 Controller of Exam. R.U   THE 006.42 HOF 2006 16/09/2021 C-1 Theses